Les clubs italiens en 1/2 finale de coupe d'Europe - Statistiques

Statistiques générales
  • Ce quiz a été pris 147 fois
  • Le résultat moyen est 11 sur 15
Statistiques - réponses
Nombre de participation Club % Correct
19 AC Milan
100%
17 FC Inter Milan
99%
22 Juventus FC
98%
8 AS Roma
95%
3 SSC Napoli
89%
3 SS Lazio
89%
9 AC Fiorentina
85%
5 Parma AC
76%
2 Atalanta Bergame
72%
2 Torino FC
69%
1 Bologne FC
62%
1 Genoa CFC
62%
4 UC Sampdoria
60%
1 Cagliari Calcio
42%
1 Vicenza Calcio
2%
Aucun quiz correspondant
Distribution des résultats
% des personnes avec chaque résultat
Percentile par nombre de réponses
Votre historique - résultats
Vous n’avez pas pris ce quiz